[Event "Uppsala GM 2019"]
[Site "Uppsala"]
[Date "2019.10.25"]
[Round "1.1"]
[White "Kovalev, Andrei"]
[Black "Peng, Li Min"]
[Result "1/2-1/2"]
[WhiteElo "2511"]
[BlackElo "2454"]
[Annotator "RC"]
[PlyCount "99"]
[EventDate "2019.10.25"]
[EventType "tourn"]
[EventCountry "SWE"]
[SourceTitle "playchess.com"]
[Source "ChessBase"]
[SourceQuality "1"]
[TimeControl "5400+30"]

1. e4 {[%emt 0:00:00]} e6 {[%emt 0:00:06]} 2. d4 {[%emt 0:00:20]} d5 {[%emt 0:00:06]} 3. exd5 {[%emt 0:00:20]} exd5 {[%emt 0:00:08]} 4. Nf3 {[%emt 0:00:05]} Bd6 {[%emt 0:00:06]} 5. c4 {[%emt 0:00:03]} Nf6 {[%emt 0:00:04]} 6. Nc3 {[%emt 0:00:04]} O-O {[%emt 0:00:04]} 7. cxd5 {[%emt 0:00:34]} Nbd7 {[%emt 0:00:09]} 8. Bg5 {[%emt 0:02:43]} Nb6 {[%emt 0:03:25]} 9. Be2 {[%emt 0:00:33]} Be7 {[%emt 0:00:22]} 10. Bxf6 {[%emt 0:05:52]} Bxf6 {[%emt 0:00:08]} 11. Qb3 {[%emt 0:00:07]} a5 {[%emt 0:00:01]} 12. a4 {[%emt 0:04:15]} Qe7 {[%emt 0:00:05]} 13. O-O {[%emt 0:03:42]} Bf5 {[%emt 0:21:27]} 14. Rac1 {[%emt 0:08:09]} Qb4 {[%emt 0:02:40]} 15. Qxb4 {[%emt 0:06:22]} axb4 {[%emt 0:00:04]} 16. Nb5 {[%emt 0:00:03]} Nxd5 {[%emt 0:00:06]} 17. Nxc7 {[%emt 0:05:03]} Nf4 {[%emt 0:00:03]} 18. Bc4 {[%emt 0:05:41]} Rxa4 {[%emt 0:05:08]} 19. Rfe1 {[%emt 0:05:39]} b3 {[%emt 0:08:39]} 20. Rc3 {[%emt 0:11:41]} Bd8 {[%emt 0:12:25]} 21. Bxb3 {[%emt 0:10:29]} Rb4 {[%emt 0:01:00]} 22. Bc2 {[%emt 0:02:52]} Bg4 {[%emt 0:02:54]} 23. g3 {[%emt 0:11:13]} Bxc7 {[%emt 0:02:58]} 24. gxf4 {[%emt 0:00:07]} Bxf4 {[%emt 0:00:08]} 25. Re4 {[%emt 0:00:52]} Bxf3 {[%emt 0:00:22]} 26. Rxf4 {[%emt 0:04:49]} Bd5 {[%emt 0:00:37]} 27. Be4 {[%emt 0:00:25]} Bxe4 {[%emt 0:02:16]} 28. Rxe4 {[%emt 0:00:01]} Rxb2 {[%emt 0:00:19]} 29. Rc7 {[%emt 0:00:37]} b5 {[%emt 0:01:39]} 30. Rb7 {[%emt 0:00:34]} b4 {[%emt 0:03:49]} 31. Kg2 {[%emt 0:00:34]} b3 {[%emt 0:01:22]} 32. Re3 {[%emt 0:00:23]} Rd2 {[%emt 0:00:12]} 33. Rexb3 {[%emt 0:00:10]} Rxd4 {[%emt 0:00:08]} 34. Rb8 {[%emt 0:00:02]} g5 {[%emt 0:00:34]} 35. Rxf8+ {[%emt 0:00:09]} Kxf8 {[%emt 0:00:03]} 36. h3 {[%emt 0:00:16]} Kg7 {[%emt 0:00:05]} 37. Rb6 {[%emt 0:00:07]} f6 {[%emt 0:00:04]} 38. Rb7+ {[%emt 0:00:23]} Kg6 {[%emt 0:00:04]} 39. Ra7 {[%emt 0:00:06]} h5 {[%emt 0:00:09]} 40. Ra8 {[%emt 0:00:52]} Kf5 {[%emt 0:00:31]} 41. Ra6 {[%emt 0:00:48]} Ke5 {[%emt 0:00:22]} 42. Ra5+ {[%emt 0:01:09]} Kf4 {[%emt 0:02:21]} 43. Ra6 {[%emt 0:00:07]} f5 {[%emt 0:00:12]} 44. Rh6 {[%emt 0:00:07]} h4 {[%emt 0:00:13]} 45. Rh8 {[%emt 0:00:20]} Rd3 {[%emt 0:01:08]} 46. Rh5 {[%emt 0:02:09]} Rd6 {[%emt 0:00:13]} 47. Rh8 {[%emt 0:00:06]} Ke5 {[%emt 0:00:06]} 48. Rg8 {[%emt 0:00:23]} Kf6 {[%emt 0:00:08]} 49. Rf8+ {[%emt 0:00:09]} Kg6 {[%emt 0:00:06]} 50. Rg8+ {[%emt 0:00:21]} 1/2-1/2

[Event "Uppsala GM 2019"]
[Site "Uppsala"]
[Date "2019.10.25"]
[Round "1.2"]
[White "Rydstrom, Tom"]
[Black "Mirzoev, Emil"]
[Result "1/2-1/2"]
[WhiteElo "2322"]
[BlackElo "2455"]
[Annotator "TA"]
[PlyCount "61"]
[EventDate "2019.10.25"]
[EventType "tourn"]
[EventCountry "SWE"]
[SourceTitle "playchess.com"]
[Source "ChessBase"]
[SourceQuality "1"]

{[%evp 9,61,18,11,18,13,15,18,11,27,5,21,0,0,0,0,-14,0,0,0,-11,-3,-27,-23,-27,-27,-27,-27,-34,-33,-28,-24,-35,-25,-34,-30,-26,-27,-37,-31,-35,-10,-25,-32,-23,0,0,4,0,33,7,100,-58,0,-5]} 1. e4 e6 2. d4 d5 3. Nc3 Nc6 4. Nf3 Nf6 5. Bd3 Nb4 (5... Bb4 6. O-O Bxc3 7. exd5 Bxd4 8. dxc6 Bb6 9. Qe2 bxc6 10. Ne5 Bb7 11. Bg5 h6 12. Bh4 Qd4 13. Bg3 O-O {1-0 (67) Brkic,A (2590)-Jobava,B (2685) Batumi 2018}) 6. Bg5 {C10: French with 3 Nc3: Unusual Black 3rd moves and 3...dxe4} Be7 7. e5 Nd7 8. Bxe7 Qxe7 9. O-O O-O 10. Re1 Nxd3 11. Qxd3 b6 12. a4 $146 ({Predecessor:} 12. Ne2 a5 13. Nf4 {0-1 (20) Brunner,R (2195)-Buss,M ICCF email 2014}) 12... a5 13. Nb5 Ba6 14. Qd2 Nb8 15. c3 Qd7 16. Qc2 h6 17. Qb3 Nc6 18. Rad1 Ne7 19. Na3 {[%cal Bb5a3,Ba3c2,Bc2e3,Be3g2,Bg2f4][%mdl 32]} Ng6 20. Nc2 Nf4 21. g3 Bc4 22. Qa3 Ng6 23. Ne3 Ba6 24. Qb3 Qe7 25. Qc2 c5 26. h4 cxd4 27. Rxd4 {[#] h5 is the strong threat.} Qc7 28. Ng2 Kh8 29. Nf4 b5 (29... Nxf4 $11 30. Rxf4 Rfc8) 30. h5 $2 ({White should play} 30. Nxg6+ $16 fxg6 31. Re3) 30... Nxf4 ({Black should try} 30... Ne7 $1 $15) 31. Rxf4 {Accuracy: White = 39%, Black = 61%.} 1/2-1/2

[Event "Uppsala GM 2019"]
[Site "Uppsala"]
[Date "2019.10.25"]
[Round "1.3"]
[White "Bogdanov, Egor"]
[Black "Wahlund, Max"]
[Result "1-0"]
[WhiteElo "2409"]
[BlackElo "2176"]
[Annotator "TA"]
[PlyCount "57"]
[EventDate "2019.10.25"]
[EventType "tourn"]
[EventCountry "SWE"]
[SourceTitle "playchess.com"]
[Source "ChessBase"]
[SourceQuality "1"]

{[%evp 9,57,12,23,7,41,37,67,57,78,75,138,125,142,115,156,139,234,236,254,142,272,255,243,250,240,229,343,330,327,315,288,259,475,486,535,486,614,621,745,757,1301,1297,1079,718,973,952,29989,29990,29991,29986]} 1. e4 e6 2. d3 d5 3. Qe2 d4 (3... Nf6 4. f4 c5 5. Nf3 Nc6 6. e5 Ng8 7. c3 h5 8. Qd1 Nh6 9. Be3 Nf5 10. Bf2 Be7 11. Be2 b5 {0-1 (37) Yu,Y (2752)-Caruana,F (2818) Saint Louis 2019}) 4. f4 c5 5. Nf3 Nc6 6. g3 {C00: French: Unusual White 2nd moves} Qc7 7. Bg2 Bd7 $146 ({Predecessor:} 7... e5 8. O-O Bg4 9. h3 Bxf3 10. Qxf3 f6 11. a4 {1-0 (51) Boucek,V (1982)-Dudek,J (1908) Czechia 2007}) 8. O-O {White is slightly better.} O-O-O 9. Na3 Nf6 ({Black should play} 9... Be8) 10. Nc4 Be8 11. a4 Nd7 12. a5 f6 (12... a6 $16 13. e5 Kb8) 13. e5 $18 Bf7 14. Bd2 (14. a6 $18) 14... f5 (14... a6 $16 15. c3 Kb8) 15. Ng5 Ndb8 16. a6 {Hoping for axb7+.} b6 17. Na3 h6 (17... Qd7 $142 18. Nxf7 Qxf7) 18. Nb5 Qd7 19. Nxf7 Qxf7 20. Bf3 Rd7 $2 (20... Qd7 {keeps fighting.} 21. Qg2 Re8) 21. Qg2 Nd8 22. Ra4 Qe8 23. Rfa1 Rf7 {[#]} 24. Bb7+ $1 {[%mdl 512]} Nxb7 25. Nxa7+ Kd8 26. axb7 Qd7 {[#]} 27. Nc6+ $1 {[%mdl 512]} Nxc6 {[#]} 28. Qxc6 $1 {[%mdl 576] Promotion} Qxc6 29. b8=Q+ {Accuracy: White = 80%, Black =  6%.} 1-0

[Event "Uppsala GM 2019"]
[Site "Uppsala"]
[Date "2019.10.25"]
[Round "1.4"]
[White "Ernst, Thomas"]
[Black "Kenneskog, Theodor"]
[Result "1/2-1/2"]
[WhiteElo "2328"]
[BlackElo "2278"]
[Annotator "RC"]
[PlyCount "55"]
[EventDate "2019.10.25"]
[EventType "tourn"]
[EventCountry "SWE"]
[SourceTitle "playchess.com"]
[Source "ChessBase"]
[SourceQuality "1"]
[TimeControl "5400+30"]

1. d4 {[%emt 0:00:00]} Nf6 {[%emt 0:00:00]} 2. c4 {[%emt 0:00:30]} g6 {[%emt 0:00:30]} 3. Nc3 {[%emt 1:31:00]} d5 4. Nf3 Bg7 5. Qb3 dxc4 6. Qxc4 O-O 7. e4 a6 8. Be2 b5 9. Qb3 c5 10. dxc5 Be6 11. Qc2 Nbd7 12. Be3 Rc8 13. Rd1 b4 14. Na4 Qa5 15. b3 Ng4 16. Bd4 Bxd4 17. Nxd4 {[%emt 0:00:00]} Nxc5 {[%emt 0:07:30]} 18. Nxe6 {[%emt 0:00:00]} Nxe6 {[%emt 0:00:30]} 19. Qb2 {[%emt 0:00:00]} Nf6 {[%emt 0:00:30]} 20. f3 {[%emt 0:00:00]} Nc5 {[%emt 0:00:30]} 21. Nxc5 {[%emt 0:00:00]} Qxc5 {[%emt 0:00:30]} 22. Qd4 {[%emt 0:00:00]} Qxd4 {[%emt 0:00:30]} 23. Rxd4 {[%emt 0:00:00]} Rc1+ {[%emt 0:00:30]} 24. Rd1 {[%emt 0:00:00]} Rc2 {[%emt 0:00:30]} 25. Rd2 {[%emt 0:00:00]} Rc1+ {[%emt 0:00:30]} 26. Rd1 {[%emt 0:00:00]} Rc2 {[%emt 0:00:30]} 27. Rd2 {[%emt 0:00:00]} Rc1+ {[%emt 0:00:30]} 28. Rd1 {[%emt 0:00:00]} 1/2-1/2

[Event "Uppsala GM 2019"]
[Site "Uppsala"]
[Date "2019.10.26"]
[Round "2.2"]
[White "Ernst, Thomas"]
[Black "Naumkin, Igor"]
[Result "1-0"]
[WhiteElo "2328"]
[BlackElo "2385"]
[Annotator "NA"]
[PlyCount "111"]
[EventDate "2019.10.25"]
[EventType "tourn"]
[EventCountry "SWE"]
[SourceTitle "playchess.com"]
[Source "ChessBase"]
[SourceQuality "1"]
[TimeControl "5400+30"]

{[%evp 8,76,30,19,17,20,42,27,39,31,28,23,34,14,24,30,22,25,29,18,27,12,31,11,8,14,12,3,23,8,21,26,19,51,50,40,32767,33,37,36,55,35,60,100,84,79,79,101,135,137,154,196,155,186,32767,32767,32767,32767,32767,32767,32767,298,288,32767,32767,200,369,32767,339,461,671]} 1. e4 {[%emt 0:00:00]} e5 {[%emt 0:16:44]} 2. Nf3 {[%emt 0:00:00]} Nc6 {[%emt 0:00:07]} 3. Bb5 {[%emt 0:00:18]} a6 {[%emt 0:00:11]} 4. Ba4 {[%emt 0:00:09]} Nf6 {[%emt 0:00:03]} 5. O-O {[%emt 0:00:14]} Be7 {[%emt 0:00:10]} 6. Re1 {[%emt 0:00:14]} b5 {[%emt 0:00:17]} 7. Bb3 {[%emt 0:00:09]} d6 {[%emt 0:00:14]} 8. c3 {[%emt 0:00:14]} O-O {[%emt 0:00:10]} 9. h3 {[%emt 0:00:13]} Na5 {[%emt 0:00:08]} 10. Bc2 {[%emt 0:00:13]} c5 {[%emt 0:00:08]} 11. d4 {[%emt 0:00:26]} Nd7 {[%emt 0:00:22]} 12. Nbd2 {[%emt 0:01:17]} exd4 {[%emt 0:00:29]} 13. cxd4 {[%emt 0:00:09]} Nc6 {[%emt 0:00:09]} 14. d5 {[%emt 0:01:07]} Nce5 {[%emt 0:00:21]} 15. Nxe5 {[%emt 0:00:33]} Nxe5 {[%emt 0:00:11]} 16. a4 {[%emt 0:00:44]} Rb8 {[%emt 0:00:42]} 17. axb5 {[%emt 0:00:51]} axb5 {[%emt 0:00:06]} 18. f4 {[%emt 0:00:14]} Ng6 {[%emt 0:00:33]} 19. Nf3 {[%emt 0:00:12]} Bb7 {[%emt 0:03:41]} 20. f5 {[%emt 0:05:54]} Ne5 {[%emt 0:02:28]} 21. Nxe5 {[%emt 0:00:12]} dxe5 {[%emt 0:00:07]} 22. Be3 {[%emt 0:03:33]} c4 {[%emt 0:01:12]} 23. Qd2 {[%emt 0:11:06]} Qc7 {[%emt 0:08:32]} 24. Red1 {[%emt 0:02:46]} Bc5 {[%emt 0:03:36] [#]} 25. f6 $1 {[%emt 0:05:18]} gxf6 {[%emt 0:03:59]} 26. Rf1 {[%emt 0:04:40]} f5 {[%emt 0:02:48]} 27. Rxf5 {[%emt 0:01:15]} f6 {[%emt 0:00:52]} 28. Raf1 {[%emt 0:04:04]} Bxe3+ {[%emt 0:15:01]} 29. Qxe3 {[%emt 0:00:10]} Qg7 {[%emt 0:01:01]} 30. R1f3 {[%emt 0:08:02]} Kh8 {[%emt 0:02:19]} 31. Qf2 {[%emt 0:00:55]} b4 {[%emt 0:02:33]} 32. Rxf6 {[%emt 0:00:35]} Rxf6 {[%emt 0:00:16]} 33. Rxf6 {[%emt 0:00:06]} b3 {[%emt 0:00:38]} 34. Bb1 {[%emt 0:27:10]} Kg8 {[%emt 0:06:35]} 35. Qf5 {[%emt 0:02:08]} Re8 {[%emt 0:04:21]} 36. Re6 {[%emt 0:00:21]} Rxe6 $2 {[%emt 0:05:54]} (36... Rf8 37. Qxe5 Qxe5 38. Rxe5 Ra8) 37. Qxe6+ {[%emt 0:00:08]} Kf8 {[%emt 0:01:18]} 38. d6 {[%emt 0:01:22]} Qg5 $18 {[%emt 0:04:02]} 39. Qxc4 {[%emt 0:03:47]} Qe3+ {[%emt 0:01:31]} 40. Kf1 {[%emt 0:06:02]} Qb6 {[%emt 0:05:27]} 41. Bd3 {[%emt 0:00:49]} Qxd6 {[%emt 0:00:31]} 42. Qxb3 {[%emt 0:00:14]} Qf6+ {[%emt 0:01:24]} 43. Ke2 {[%emt 0:01:14]} Bc6 {[%emt 0:01:11]} 44. Qb8+ {[%emt 0:00:33]} Kg7 {[%emt 0:00:15]} 45. Qa7+ {[%emt 0:01:14]} Kh6 {[%emt 0:01:23]} 46. Qe3+ {[%emt 0:01:02]} Kg7 {[%emt 0:00:08]} 47. Qc5 {[%emt 0:00:54]} Be8 {[%emt 0:00:34]} 48. b4 {[%emt 0:02:33]} Bh5+ {[%emt 0:00:34]} 49. g4 {[%emt 0:01:50]} Bg6 {[%emt 0:00:28]} 50. b5 {[%emt 0:01:23]} Qf4 {[%emt 0:00:47]} 51. Qe3 {[%emt 0:01:29]} Qh2+ {[%emt 0:00:26]} 52. Kd1 {[%emt 0:00:41]} Qb2 {[%emt 0:01:09]} 53. Qc5 {[%emt 0:00:55]} Qh2 {[%emt 0:03:36]} 54. b6 {[%emt 0:01:28]} Qxh3 {[%emt 0:00:41]} 55. Qxe5+ {[%emt 0:00:14]} Kh6 {[%emt 0:00:31]} 56. g5+ {[%emt 0:01:43]} 1-0

[Event "Uppsala GM 2019"]
[Site "Uppsala"]
[Date "2019.10.26"]
[Round "2.4"]
[White "Bogdanov, Egor"]
[Black "Rydstrom, Tom"]
[Result "1-0"]
[WhiteElo "2409"]
[BlackElo "2322"]
[Annotator "ChessBase"]
[PlyCount "33"]
[EventDate "2019.10.25"]
[EventType "tourn"]
[EventCountry "SWE"]
[SourceTitle "playchess.com"]
[Source "ChessBase"]
[SourceQuality "1"]
[TimeControl "5400+30"]

1. e4 {[%emt 0:14:54]} e5 {[%emt 0:00:04]} 2. Bc4 {[%emt 0:02:02]} Nf6 {[%emt 0:01:11]} 3. d3 {[%emt 0:00:20]} Nc6 {[%emt 0:03:24]} 4. Nc3 {[%emt 0:01:08]} Na5 {[%emt 0:02:16]} 5. Nge2 {[%emt 0:03:57]} d6 {[%emt 0:04:45]} 6. O-O {[%emt 0:00:32]} Be7 {[%emt 0:00:13]} 7. Bb5+ {[%emt 0:01:50]} c6 {[%emt 0:00:48]} 8. Ba4 {[%emt 0:00:06]} b5 {[%emt 0:00:17]} 9. Bb3 {[%emt 0:00:06]} O-O {[%emt 0:01:12]} 10. f4 {[%emt 0:15:18]} Ng4 {[%emt 0:13:16]} 11. Qe1 {[%emt 0:03:35]} Nxb3 {[%emt 0:00:24]} 12. axb3 {[%emt 0:00:04]} f5 {[%emt 0:24:48]} 13. h3 {[%emt 0:08:50]} Qb6+ {[%emt 0:04:16]} 14. Kh1 {[%emt 0:00:09]} Ne3 {[%emt 0:00:08]} 15. Bxe3 {[%emt 0:00:13]} Qxe3 {[%emt 0:00:03]} 16. d4 {[%emt 0:03:02]} exf4 {[%emt 0:03:34]} 17. Rf3 {[%emt 0:00:25]} 1-0

[Event "Uppsala GM 2019"]
[Site "Uppsala"]
[Date "2019.10.26"]
[Round "2.5"]
[White "Peng, Li Min"]
[Black "Mirzoev, Emil"]
[Result "1/2-1/2"]
[WhiteElo "2454"]
[BlackElo "2455"]
[Annotator "TA"]
[PlyCount "68"]
[EventDate "2019.10.25"]
[EventType "tourn"]
[EventCountry "SWE"]
[SourceTitle "playchess.com"]
[Source "ChessBase"]
[SourceQuality "1"]

{[%evp 9,68,-35,-37,-106,-57,-86,-3,-20,-12,-20,-27,-23,-27,-28,-22,-17,0,0,0,0,0,-5,3,-24,-21,-28,0,0,0,-18,-14,-14,-14,-14,-25,-58,-60,-69,0,-6,-13,-46,0,0,0,0,0,0,0,0,0,0,0,0,0,0,0,0,0,0,0]} 1. e4 d5 2. exd5 Nf6 3. b3 c6 $146 ({Predecessor:} 3... Qxd5 4. Nc3 Qa5 5. Nf3 c6 6. Bb2 Bf5 7. Qe2 e6 8. O-O-O Ba3 9. h3 h6 10. g4 Bh7 11. Ne5 {1-0 (42) Badmatsyrenov,O (2483)-Obolenskikh,D (2489) Ulan Ude 2013}) 4. d6 e5 5. Bb2 Bxd6 6. d4 {B01: Scandinavian Defence} ({White should play} 6. d3 $15) 6... exd4 7. Qxd4 Bc7 ({Black should try} 7... Qe7+ $17 8. Be2 Na6) 8. Qxd8+ $11 Bxd8 9. Bd3 O-O 10. Nc3 Re8+ 11. Nge2 Nbd7 12. Bf5 Ne5 13. Bxc8 Rxc8 14. O-O Bb6 15. h3 Nd5 16. Nxd5 cxd5 17. Nd4 Bxd4 18. Bxd4 Nc6 ({Not} 18... Rxc2 $2 19. Rfe1 $18) 19. Rfd1 (19. Be3 {looks sharper.} d4 20. Bd2 f6 21. Rac1 Kf7 22. Rfd1) 19... Nxd4 20. Rxd4 Rxc2 21. Rxd5 {[%mdl 4096] Endgame KRR-KRR} g6 {Threatening ...Ree2.} 22. Rd7 Ree2 23. Rf1 b5 (23... Rxa2 $15 24. Rxb7 Reb2) 24. Rxa7 Rxa2 25. Rb7 Reb2 26. Rxb5 {The position is equal.} Ra3 27. b4 Rab3 28. Rb8+ Kg7 29. b5 (29. Ra1 {is interesting.} Rxb4 30. Rxb4 Rxb4 31. g3 h5 32. Kg2) 29... Rxb5 30. Rxb5 Rxb5 31. Re1 h5 32. g3 {[#]} h4 $1 {[%mdl 512]} 33. Kg2 (33. gxh4 Rb4) 33... hxg3 34. Kxg3 Rb3+ {Accuracy: White = 69%, Black = 45%.} 1/2-1/2

[Event "Uppsala GM 2019"]
[Site "Uppsala"]
[Date "2019.10.26"]
[Round "3.1"]
[White "Naumkin, Igor"]
[Black "Kovalev, Andrei"]
[Result "1/2-1/2"]
[WhiteElo "2385"]
[BlackElo "2511"]
[Annotator "ChessBase"]
[PlyCount "60"]
[EventDate "2019.10.25"]
[EventType "tourn"]
[EventCountry "SWE"]
[SourceTitle "playchess.com"]
[Source "ChessBase"]
[SourceQuality "1"]
[TimeControl "5400+30"]

1. d4 {[%emt 0:18:41]} Nf6 {[%emt 0:00:20]} 2. c4 {[%emt 0:01:21]} g6 {[%emt 0:00:28]} 3. Nc3 {[%emt 0:00:14]} Bg7 {[%emt 0:00:06]} 4. e4 {[%emt 0:00:05]} d6 {[%emt 0:00:04]} 5. Nf3 {[%emt 0:00:13]} O-O {[%emt 0:00:13]} 6. Be2 {[%emt 0:00:22]} e5 {[%emt 0:00:22]} 7. dxe5 {[%emt 0:00:58]} dxe5 {[%emt 0:00:20]} 8. Qxd8 {[%emt 0:00:18]} Rxd8 {[%emt 0:00:09]} 9. Bg5 {[%emt 0:00:35]} Re8 {[%emt 0:01:34]} 10. Nd5 {[%emt 0:00:31]} Nxd5 {[%emt 0:00:14]} 11. cxd5 {[%emt 0:00:10]} c6 {[%emt 0:00:14]} 12. Bc4 {[%emt 0:02:10]} b5 {[%emt 0:03:15]} 13. Bb3 {[%emt 0:04:07]} a5 {[%emt 0:00:16]} 14. a4 {[%emt 0:02:20]} bxa4 {[%emt 0:06:05]} 15. Bxa4 {[%emt 0:04:38]} Bd7 {[%emt 0:00:07]} 16. dxc6 {[%emt 0:00:39]} Bxc6 {[%emt 0:00:32]} 17. Bd2 {[%emt 0:02:20]} Bxa4 {[%emt 0:01:41]} 18. Rxa4 {[%emt 0:00:06]} Nc6 {[%emt 0:00:09]} 19. O-O {[%emt 0:03:32]} Rab8 {[%emt 0:02:16]} 20. Bxa5 {[%emt 0:04:58]} Rxb2 {[%emt 0:00:36]} 21. Bc3 {[%emt 0:02:35]} Rc2 {[%emt 0:00:09]} 22. Ba1 {[%emt 0:01:10]} Re2 {[%emt 0:00:58]} 23. Re1 {[%emt 0:01:12]} Rxe1+ {[%emt 0:00:04]} 24. Nxe1 {[%emt 0:00:05]} Rb8 {[%emt 0:01:14]} 25. Kf1 {[%emt 0:00:32]} Rb4 {[%emt 0:00:14]} 26. Rxb4 {[%emt 0:00:11]} Nxb4 {[%emt 0:00:05]} 27. Ke2 {[%emt 0:00:13]} f6 {[%emt 0:00:11]} 28. Bc3 {[%emt 0:00:17]} Nc6 {[%emt 0:00:12]} 29. f3 {[%emt 0:00:09]} h5 {[%emt 0:00:06]} 30. Nd3 {[%emt 0:00:12]} Kf7 {[%emt 0:00:03]} 1/2-1/2

[Event "Uppsala GM 2019"]
[Site "Uppsala"]
[Date "2019.10.26"]
[Round "3.2"]
[White "Kenneskog, Theodor"]
[Black "Wahlund, Max"]
[Result "1-0"]
[WhiteElo "2278"]
[BlackElo "2176"]
[Annotator "NA"]
[PlyCount "57"]
[EventDate "2019.10.25"]
[EventType "tourn"]
[EventCountry "SWE"]
[SourceTitle "playchess.com"]
[Source "ChessBase"]
[SourceQuality "1"]
[TimeControl "5400+30"]

1. d4 {[%emt 0:00:00]} Nf6 {[%emt 0:21:25]} 2. c4 {[%emt 0:00:00]} e6 {[%emt 0:00:08]} 3. Nf3 {[%emt 0:00:00]} Bb4+ {[%emt 0:00:36]} 4. Nbd2 {[%emt 0:00:00]} d5 {[%emt 0:00:26]} 5. a3 {[%emt 0:01:34]} Be7 {[%emt 0:00:12]} 6. e3 {[%emt 0:00:56]} O-O {[%emt 0:00:07]} 7. b3 {[%emt 0:01:20]} c5 {[%emt 0:00:37]} 8. Bb2 {[%emt 0:00:23]} Nc6 {[%emt 0:00:26]} 9. Bd3 {[%emt 0:00:31]} b6 {[%emt 0:01:34]} 10. h4 {[%emt 0:05:18]} Bb7 {[%emt 0:02:53]} 11. cxd5 {[%emt 0:00:53]} exd5 {[%emt 0:02:54]} 12. Qb1 {[%emt 0:13:21]} Re8 {[%emt 0:04:25]} 13. Kf1 {[%emt 0:06:12]} h5 {[%emt 0:01:59]} 14. Ng5 {[%emt 0:02:34]} cxd4 {[%emt 0:02:05]} 15. exd4 {[%emt 0:00:07]} Qc8 {[%emt 0:05:47]} 16. Bf5 {[%emt 0:03:55]} Ba6+ {[%emt 0:00:08]} 17. Kg1 {[%emt 0:00:02]} Qc7 {[%emt 0:00:21]} 18. Bh7+ {[%emt 0:08:37]} Kf8 {[%emt 0:00:18]} 19. Bg6 {[%emt 0:00:50]} Ng4 {[%emt 0:06:27]} 20. Nh7+ {[%emt 0:11:11]} Kg8 {[%emt 0:00:16]} 21. Bxh5 {[%emt 0:00:07]} Qf4 {[%emt 0:01:37]} 22. Nf3 {[%emt 0:01:17]} Be2 {[%emt 0:05:34]} 23. Bc1 {[%emt 0:12:56]} Qe4 {[%emt 0:00:22]} 24. Bxf7+ {[%emt 0:00:14]} Kxh7 {[%emt 0:02:40]} 25. Ng5+ {[%emt 0:00:07]} Bxg5 {[%emt 0:00:05]} 26. hxg5+ {[%emt 0:00:03]} Nh6 {[%emt 0:00:14]} 27. g6+ {[%emt 0:09:19]} Kh8 {[%emt 0:00:04]} 28. Bxh6 {[%emt 0:00:05]} gxh6 {[%emt 0:00:34]} 29. Qc1 {[%emt 0:00:03]} 1-0

[Event "Uppsala GM 2019"]
[Site "Uppsala"]
[Date "2019.10.26"]
[Round "3.3"]
[White "Rydstrom, Tom"]
[Black "Ernst, Thomas"]
[Result "0-1"]
[WhiteElo "2322"]
[BlackElo "2328"]
[Annotator "TA"]
[PlyCount "104"]
[EventDate "2019.10.25"]
[EventType "tourn"]
[EventCountry "SWE"]
[SourceTitle "playchess.com"]
[Source "ChessBase"]
[SourceQuality "1"]

{[%evp 11,104,43,47,16,37,20,20,19,16,3,16,-23,26,22,21,-7,0,0,0,-14,-18,-68,-67,-63,-45,-38,40,0,3,10,33,3,0,0,8,9,21,0,0,0,0,-6,-8,-8,-8,-8,-11,-11,0,0,0,0,0,-43,-24,-118,0,0,0,0,0,0,-10,-8,-6,-11,-16,-23,0,-22,-15,-22,-6,-58,-67,-41,-17,-143,-137,-190,-200,-203,-189,-3133,-2683,-8940,-8570,-5795,-5114,-29975,-29975,-29979,-29978,-29983,-29983]} 1. e4 c5 2. Nf3 e6 3. d4 cxd4 4. Nxd4 a6 5. Bd3 Bc5 6. Nb3 Be7 7. Be3 {B42: Sicilian: Kan Variation: 5 Bd3} (7. Qg4 g6 8. Qe2 d6 9. O-O Nd7 10. a4 Ne5 11. a5 Nf6 12. Nc3 Bd7 13. Be3 O-O 14. f4 Nxd3 15. cxd3 e5 16. Bb6 {1-0 (46) Chigaev,M (2640)-Fedorchuk,S (2633) Riga 2019}) 7... Nf6 8. N1d2 d6 9. f4 {The position is equal.} Nc6 10. Qe2 e5 11. f5 d5 12. O-O $146 ({Predecessor:} 12. g4 d4 13. Bf2 h6 14. O-O-O b5 {0-1 (50) Paleologu,V (2153)-Zujev,O (2366) Lugano 2017}) 12... Nb4 13. Rad1 Nxd3 14. cxd3 {White wants to play d4.} Bd7 15. Bg5 dxe4 16. dxe4 Bb5 17. Nc4 Qc7 18. Nbd2 O-O-O (18... O-O $15) 19. b3 (19. Rc1 $5 {[%cal Rc4b6]} Kb8 20. b3 $11) 19... Bb4 20. Rc1 Kb8 21. a4 Bxd2 22. Bxd2 Bxc4 23. Rxc4 Qb6+ 24. Be3 Qxb3 25. Rfc1 Rd3 $1 {[%cal Rd3e3]} 26. Bc5 {Strongly threatening Rb4.} Rhd8 27. R4c2 $1 Qxa4 28. Bb6 $132 {[%mdl 2048] Qxd3! is the strong threat. White is not holding back} Qxe4 ({Not} 28... Nxe4 $2 29. Qxd3 $1 {[%mdl 512]} Qd4+ 30. Bxd4 $18) 29. Bc7+ Ka7 {aiming for ...Qd4+.} 30. Qxe4 Nxe4 31. Bxd8 Rxd8 $11 {[%mdl 4096] Endgame KRR-KRN} 32. Re1 Rd4 33. h3 (33. Rc7 $1 $11 {remains equal.} Nd6 34. Rxe5) 33... g6 (33... a5 $17 34. Rce2 Nd6 35. Rxe5 b5) 34. Rc7 Nd6 35. fxg6 hxg6 36. Rxe5 Kb6 37. Rc1 a5 38. Kf2 a4 39. g4 Ka6 40. Ke3 Rb4 {Threatens to win with ...Nc4+.} 41. Rd5 Nc4+ 42. Ke2 (42. Kf3 $11) 42... b5 43. h4 $1 Rb2+ 44. Kd3 (44. Kf3 $1 $11) 44... Rg2 $17 45. g5 {[#]} (45. Rd4 $17 {was called for.}) 45... Rd2+ $1 $19 46. Ke4 {And now Rxc4! would win.} Rh2 47. Rd7 $2 (47. Kd4) 47... Rxh4+ 48. Kf3 Ne5+ {[%mdl 64] Double Attack} 49. Kg3 Nxd7 50. Kxh4 b4 {[%cal Bb5b4,Bb4b3][%mdl 32] Black mates.} 51. Rc7 Nb6 52. Rxf7 b3 {Accuracy: White = 27%, Black = 65%.} 0-1